000 00222 a2200097 4500
001 35031
100 _aSen A K
245 _aRadar Systems & Radio Aids to Navigation
260 _aND
_bKhanna Pub
_c
090 _c23179
_d23179
942 _aNUST-CAE
_cM
_c14646
999 _c270104
_d270104